000 00482nam a2200169Ia 4500
008 130318s9999 xx 000 0 und d
020 _a812032594x
082 _a658.453 SET/P
100 _aSethi, J
245 _aPractical course in English pronunciation with two audio cassettes
260 _bPHI Learning
_aNew Delhi
_c2004
300 _a222
_e2 Cassettes
650 _aENGLISH LANGUAGE
650 _aENGLISH PRONUNCIATION
700 _aJindal, D.V
700 _aSadanand, Kamalesh
999 _c775
_d775